000 00554nam a2200193 i 4500
001 184938
003 ES-MaACL
005 20250729015734.0
008 160222s1948 sp |||| | spa d
100 1 _aMartín, Enriqueta.
_9158833
245 1 0 _aBibliotecas /
_cE. Martin.
260 _aMadrid :
_bS.A.P.Y.L.,
_c1948.
300 _aVII, 250 p. ;
_c25 cm.
490 1 _aPublicaciones de Libros
650 0 7 _aBiblioteconomía
_2embne
_910554
830 0 _aPublicaciones de Libros
_9219128
852 _aES-MaACL
_jC-5278
999 _c184938
_d184938